书目信息 |
| 题名: |
数码摄影曝光从入门到精通
|
|
| 作者: | 汤识真 著 | |
| 分册: | ||
| 出版信息: | 北京 人民邮电出版社 2012 |
|
| 页数: | 271页 | |
| 开本: | 26cm | |
| 丛书名: | ||
| 单 册: | ||
| 中图分类: | J41 , TB811 | |
| 科图分类: | ||
| 主题词: | 数字照相机--摄影光学--曝光 | |
| 电子资源: | ||
| ISBN: | 978-7-115-28197-5 | |
| 000 | 00854nam0 2200241 45 | |
| 001 | 1356811859 | |
| 005 | 20130515100155.95 | |
| 010 | @a978-7-115-28197-5@dCNY69.00 | |
| 100 | @a20130108d2012 em y0chiy50 ea | |
| 101 | 0 | @achi |
| 102 | @aCN@b110000 | |
| 105 | @aa z 000yy | |
| 106 | @ar | |
| 200 | 1 | @a数码摄影曝光从入门到精通@AShu Ma She Ying Pu Guang Cong Ru Men Dao Jing Tong@f汤识真著@FTang Shi Zhen Zhu |
| 210 | @a北京@c人民邮电出版社@d2012 | |
| 215 | @a271页@c图@d26cm | |
| 330 | @a本书由浅入深全面地介绍了数码摄影的曝光技术,从快门与光圈,曝光与感光度以及测光技巧、直方图等基础知识,到数字后期与曝光技巧的关系,以及各种典型场景的曝光技巧。 | |
| 606 | 0 | @a数字照相机@x摄影光学@x曝光 |
| 690 | @aJ41@v5 | |
| 690 | @aTB811@v5 | |
| 701 | 0 | @a汤识真@ATang Shi Zhen@4著 |
| 801 | @aCN@bTANGWEI@c20130108 | |
| 905 | @b0829806-10@dJ41@e274@f5 | |
| 数码摄影曝光从入门到精通/汤识真著.-北京:人民邮电出版社,2012 |
| 271页:图;26cm |
| ISBN 978-7-115-28197-5:CNY69.00 |
| 本书由浅入深全面地介绍了数码摄影的曝光技术,从快门与光圈,曝光与感光度以及测光技巧、直方图等基础知识,到数字后期与曝光技巧的关系,以及各种典型场景的曝光技巧。 |
| ● |
| 相关链接 |
|
|
|
|
正题名:数码摄影曝光从入门到精通
索取号:J41/274
 
预约/预借
| 序号 | 登录号 | 条形码 | 馆藏地/架位号 | 状态 | 备注 |
| 1 | 0829806 | 208298064 | 第一样本阅览室/ [索取号:J41/274] | 在馆 | |
| 2 | 0829807 | 208298073 | 第一借阅区/ [索取号:J41/274] | 在馆 | |
| 3 | 0829808 | 208298082 | 密集书库-美术系/ [索取号:J41/274] | 在馆 | |
| 4 | 0829809 | 208298091 | 第一借阅区/ [索取号:J41/274] | 在馆 | |
| 5 | 0829810 | 208298108 | 密集书库-美术系/ [索取号:J41/274] | 在馆 |